| 000 | 00787cab a2200217 4500 | ||
|---|---|---|---|
| 001 | WB3403-35 | ||
| 008 | 090401t1998 xxu||||| |||| 00| 0 eng d | ||
| 035 | _a(Sirsi) u83266 | ||
| 041 | _aeng | ||
| 245 | _aSofter stance on farm subsidies | ||
| 260 | _c1998 | ||
| 350 | _a0 | ||
| 490 |
_aFinancial Times _v22 January 1998, 37(1) |
||
| 520 | _aEC Agricultural Commissioner Franz Fischler has announced that he is willing to include employment in his plans to impose an upper limit for subsidies paid to single farms as part of the proposals for reforming CAP. The modulation policy is opposed by farmers within the EC. | ||
| 650 | _aCAP REFORM | ||
| 650 | _aFARMING SUBSIDIES | ||
| 650 | _aMODULATION POLICY | ||
| 690 | _aRURAL PRACTICE | ||
| 942 | _n0 | ||
| 948 | _c22/01/1998 | ||
| 999 |
_c52583 _d52583 |
||